00321nam a22001457a 4500003000400000005001700004008004100021020001800062040000700080082001000087100001500097245003500112260002000147300000800167OSt20211203103935.0211203b |||||||| |||| 00| 0 eng d a9781682854006 chu a370.7 alris moore ateacher effectiveness training ausabhallc2017 a188